Introduction to the theory of computation
Saved in:
| Main Author: | |
|---|---|
| Format: | Book |
| Language: | English |
| Published: |
Boston :
PWS pub. Co.,
c1997.
|
| Subjects: | |
| Tags: |
Add Tag
No Tags, Be the first to tag this record!
|
MARC
| LEADER | 00000cam a2200000 i 4500 | ||
|---|---|---|---|
| 001 | 1/9242 | ||
| 008 | 000803s1997 mau| ||| |||| ||eng|| | ||
| 020 | |a 053494728X | ||
| 035 | |l 10062980 | ||
| 040 | |a GR-MyUa |b gre |e AACR2 | ||
| 041 | 0 | |a eng | |
| 082 | 7 | |a 511.3 |2 (21) | |
| 100 | 1 | |a Sipser, Michael. | |
| 245 | 1 | 0 | |a Introduction to the theory of computation / |c Michael Sipser. |
| 260 | |a Boston : |b PWS pub. Co., |c c1997. | ||
| 300 | |a xv, 396 σ. : |b εικ. ; |c 25 εκ. | ||
| 504 | |a Βιβλιογραφία: σ. 381-385. Ευρετήριο. | ||
| 650 | 0 | |a Machine theory. | |
| 650 | 0 | |a Computational complexity. | |
| 767 | 0 | 8 | |i Μεταφρασμένο ως: |t Εισαγωγή στη θεωρία υπολογισμού / |
| 852 | |a INST |b SAMOS |e 20000803 |h 511.35 SIP |p 005300019165 |q 005300019165 |t BK |y 0 | ||
| 852 | |a INST |b SAMOS |e 20000808 |h 511.35 SIP |p 005300019166 |q 005300019166 |t BK |y 0 | ||
| 852 | |a INST |b SAMOS |e 20000808 |h 511.35 SIP |p 005300019214 |q 005300019214 |t BK |y 4 |x 20211125 | ||
| 852 | |a INST |b SAMOS |e 20000808 |h 511.35 SIP |p 005300019215 |q 005300019215 |t BK |y 0 | ||
| 852 | |a INST |b SAMOS |e 20000808 |h 511.35 SIP |p 005300019216 |q 005300019216 |t BK |y 0 | ||
| 852 | |a INST |b SAMOS |e 20000808 |h 511.35 SIP |p 005300019217 |q 005300019217 |t BK |y 0 | ||
| 852 | |a INST |b SAMOS |e 20000808 |h 511.35 SIP |p 005300019218 |q 005300019218 |t BK |y 0 | ||
| 852 | |a INST |b SAMOS |e 20000808 |h 511.35 SIP |p 005300019219 |q 005300019219 |t BK |y 0 | ||
| 852 | |a INST |b SAMOS |e 20000808 |h 511.35 SIP |p 005300019221 |q 005300019221 |t BK |y 0 | ||
| 852 | |a INST |b SYROS |e 20000808 |h 511.3 SIP |p 005500000408 |q 005500000408 |t BK |y 0 | ||
| 901 | |a BIBL3-2000-2 | ||
| 922 | |a 3ΕΛΗ |b 200002 |c ΤΠΕΣ/ΠΟΛ |d LEADER | ||
| 922 | |a 5ΕΛΗ |b 200002 |c ΤΠΕΣ/ΠΟΛ |d LEADER | ||
| 970 | |a Πουρνάρας |b Δημήτρης |z 03/08/2000 | ||